Analytické a fysikální metody ve výzkumu plastů a pryskyřic : [sborník referátů 2. celost. konference] Pardubice, červen-červenec 1971

Saved in:
Bibliographic Details
Corporate Authors Analytické a fysikální metody ve výzkumu plastů pryskyřic Pardubice, Česko, Česká vědeckotechnická společnost
Format Book
LanguageCzech
Slovak
Published Pardubice : Dům techniky ČVTS, 1971
Subjects
Physical Descriptioniv, 293 s. : il. ; 21 cm

Cover

LEADER 00000cam a2200000 4500
001 51918
003 CZ-ZlUTB
005 20190826001556.0
007 tu
008 970424s1971 xr a 1|0 0 cze
035 |a (OCoLC)42176014 
040 |a ABA001  |b cze  |c PNA001  |d ABA001  |d ZLD002 
041 0 |a cze  |a slo  |g eng 
072 7 |a 678  |x Průmysl makromolekulárních látek. Gumárenský průmysl. Průmysl plastů  |2 Konspekt  |9 19 
080 |a 54-126  |2 MRF 
080 |a 620.2-036.7  |2 MRF 
080 |a 678.5/.8  |2 MRF 
080 |a 620.2-024  |2 MRF 
080 |a 54-12  |2 MRF 
080 |a 543.57  |2 MRF 
080 |a (062.534)  |2 MRF 
111 2 |a Analytické a fysikální metody ve výzkumu plastů pryskyřic  |d (1971 :  |c Pardubice, Česko) 
245 1 0 |a Analytické a fysikální metody ve výzkumu plastů a pryskyřic :  |b [sborník referátů 2. celost. konference] Pardubice, červen-červenec 1971 
260 |a Pardubice :  |b Dům techniky ČVTS,  |c 1971 
300 |a iv, 293 s. :  |b il. ;  |c 21 cm 
500 |a 300 výt. 
546 |a Část. slov. text, souběžný anglický obsah 
500 |a Obsahuje bibliografie 
550 |a Spoluvyd. Výzkum. ústav syntetických pryskyřic a laků v Pardubicích 
650 0 7 |a makromolekulární chemie  |7 ph122572  |2 czenas 
650 0 7 |a polymerní materiály  |7 ph330252  |2 czenas 
650 0 7 |a struktura materiálů  |7 ph137531  |2 czenas 
650 0 7 |a termická analýza  |7 ph126597  |2 czenas 
653 0 |a molekulová hmotnost 
653 0 |a umělé stránutí 
655 7 |a sborníky konferencí  |7 fd133333  |2 czenas 
710 2 |a Česká vědeckotechnická společnost  |7 kn20051125030 
910 |a ZLD002 
952 |0 0  |1 0  |4 0  |6 678ANALYTICKÉ  |7 0  |8 BOOK  |9 92740  |a UTBZL  |b UTBZL  |c 030  |d 2009-04-27  |l 0  |o 678/ANALYTICKÉ  |p 420010123966  |r 2019-08-26 00:00:00  |v 50.00  |w 2019-08-26  |x N:převod - TOMA; | 20100831  |y 05 
992 |a BK  |b SK 
998 |a 000232982 
999 |c 51918  |d 51918